| 000 | 00976nam a2200301 i 4500 | ||
|---|---|---|---|
| 001 | bg | ||
| 003 | BPK | ||
| 005 | 20201102141137.0 | ||
| 008 | 990506s1984 pl |000 0 pol | ||
| 015 | _aPB 1984/7219 | ||
| 020 | _a8322203438 | ||
| 040 |
_aWA N _cBPK |
||
| 041 | 0 | _apol | |
| 080 | _a329:323.3-057.2(438) | ||
| 080 | _a94(438).07 | ||
| 100 | 1 |
_aKoprukowniak, Albin _d(1929-2015). |
|
| 245 | 1 | 0 |
_aProgram "Wielkiego Proletariatu" / _cAlbin Koprukowniak. |
| 260 |
_aLublin : _bWydaw. Lubelskie, _c1984. |
||
| 300 |
_a[3], 64 s., [2] s. faks. ; _c22 cm. |
||
| 490 | 1 | _aDokumenty Naszej Tradycji. | |
| 610 | 2 | 4 | _aProletariat I. |
| 650 | 4 |
_aRuchy i organizacje robotnicze _zPolska _y19 w. |
|
| 648 | _a1801-1900 | ||
| 655 | 4 | _aŹródła historyczne | |
| 830 | 0 | _aDokumenty Naszej Tradycji. | |
| 856 |
_uhttp://koha.tu.koszalin.pl/cgi-bin/koha/opac-detail.pl?biblionumber=22842 _yKatalog online BPK |
||
| 942 |
_2UKD _cKS |
||
| 999 |
_c22842 _d22842 |
||